Word Ladder: A Man of Science Quiz Stats

 Plays Quiz Updated Sep 10, 2018

Score 0/24 Timer 03:00
2 Plays Today
Hint Answer % Correct
4-Letter LadderWALT
95.9%
4-Letter LadderWELL
95%
4-Letter LadderWALK
95%
4-Letter Ladder⋆ WILL ⋆
94.1%
4-Letter LadderWILT
93.9%
3-Letter LadderSUM
88.5%
3-Letter LadderHUM
86.5%
3-Letter LadderHEM
84.5%
3-Letter LadderINN
84.3%
3-Letter Ladder*HEN*
84.1%
3-Letter LadderANN
81.5%
4-Letter Ladder*STEP*
79.5%
Hint Answer % Correct
4-Letter LadderWEEP
79.4%
3-Letter LadderSAM
78.4%
4-Letter LadderSEEP
78.3%
4-Letter LadderWELP
76.3%
3-Letter Ladder⋆ I AM ⋆
75.1%
4-Letter Ladder• HAWK •
66.6%
3-Letter LadderIBM
64.1%
3-Letter LadderIBN
59.6%
4-Letter LadderWACK
56.5%
4-Letter LadderHACK
55.7%
3-Letter LadderANG
34.4%
3-Letter Ladder• ING •
32%

Today's Daily Dose

Word Ladder
Lean on Me

Get the Picture
Superhero by Villain

You're not logged in!

Compare scores with friends on all Sporcle quizzes.
OR
Log In

Sporcle TV

Today on Sporcle TV


Watch our educational content, quiz creation guides, and fun videos on Sporcle TV.

Show Comments

Extras

Top Quizzes Today


Score Distribution

Your Account Isn't Verified!

In order to create a playlist on Sporcle, you need to verify the email address you used during registration. Go to your Sporcle Settings to finish the process.

Report this User

Report this user for behavior that violates our Community Guidelines.

Details: